000
00276nam a2200121 a 4500
008
100923s1968|||| d
100
1
_a
Ferberová, Edna
245
1
0
_a
Loď komediantov
260
_b
Smena
_a
Bratislava
_c
1968
020
_c
19
044
_a
xo
_c
SK
041
_a
slo
999
_c
10638
_d
10638